Pornoterrorismo / (Record no. 114420)
[ view plain ]
| 000 -LEADER | |
|---|---|
| fixed length control field | 00556nam a22001937a 4500 |
| 005 - DATE AND TIME OF LATEST TRANSACTION | |
| control field | 20160314084618.0 |
| 008 - FIXED-LENGTH DATA ELEMENTS--GENERAL INFORMATION | |
| fixed length control field | 160309b mx||||| |||| 00| 0 spa d |
| 020 ## - INTERNATIONAL STANDARD BOOK NUMBER | |
| International Standard Book Number | 9786078147144 |
| 050 04 - LIBRARY OF CONGRESS CALL NUMBER | |
| Classification number | HQ471 |
| Item number | T67 2013 |
| 100 1# - MAIN ENTRY--PERSONAL NAME | |
| Personal name | Torres, Diana J., |
| Dates associated with a name | 1981- |
| 245 10 - TITLE STATEMENT | |
| Title | Pornoterrorismo / |
| Statement of responsibility, etc | Diana J. Torres |
| 260 ## - PUBLICATION, DISTRIBUTION, ETC. (IMPRINT) | |
| Place of publication, distribution, etc | Oaxaca de Juárez, Oaxaca : |
| Name of publisher, distributor, etc | Surplus; |
| Date of publication, distribution, etc | 2013 |
| 300 ## - PHYSICAL DESCRIPTION | |
| Extent | 217 p. ; |
| Dimensions | 22 cm. |
| 504 ## - BIBLIOGRAPHY, ETC. NOTE | |
| Bibliography, etc | Incluye índice |
| 650 04 - SUBJECT ADDED ENTRY--TOPICAL TERM | |
| Topical term or geographic name as entry element | Pornografía |
| General subdivision | Aspectos sociales |
| 650 04 - SUBJECT ADDED ENTRY--TOPICAL TERM | |
| Topical term or geographic name as entry element | Ética sexual |
| 650 04 - SUBJECT ADDED ENTRY--TOPICAL TERM | |
| Topical term or geographic name as entry element | Terrorismo |
| 942 ## - ADDED ENTRY ELEMENTS (KOHA) | |
| Source of classification or shelving scheme | Biblioteca del Cogreso de los Estados Unidos |
| Koha item type | Libro |
| Estado de pérdida | Fuente de clasificación | Estado del daño | No para préstamo | Ubicación permanente | Ubicación actual | Apartado o colección | Fecha de adquisición | Fuente de adquisición | Edición | Enumeración de Serie / Cronológica | Dependencia de educación superior (DES) | Área del conocimiento | Clasificación | Código de Barras | Date last seen | Número de copia | Tipo de recurso |
|---|---|---|---|---|---|---|---|---|---|---|---|---|---|---|---|---|---|
| Biblioteca del Cogreso de los Estados Unidos | Biblioteca Campus Ciudad Hidalgo | Biblioteca Campus Ciudad Hidalgo | General | 20/10/2017 | Programa de Fortalecimiento de la Calidad en Instituciones Educativas 2014 | 1a. | BCCH000001179 | Ciencias de la Salud | Ciencias de la Salud | HQ471 T67 2013 | BCCH000001179 | 20/10/2017 | 1 | Libro | |||
| Biblioteca del Cogreso de los Estados Unidos | Biblioteca de la Facultad de Psicología | Biblioteca de la Facultad de Psicología | General | 14/03/2016 | Programa de Fortalecimiento de la Calidad en Instituciones Educativas 2014 | 1a. ed. | BFP000011519 | Ciencias de la Salud | Ciencias de la Salud | HQ471 T67 2013 | BFP000011519 | 14/03/2016 | 1 | Libro | |||
| Biblioteca del Cogreso de los Estados Unidos | Biblioteca de la Facultad de Psicología | Biblioteca de la Facultad de Psicología | General | 14/03/2016 | Programa de Fortalecimiento de la Calidad en Instituciones Educativas 2014 | 1a. ed. | BFP000011520 | Ciencias de la Salud | Ciencias de la Salud | HQ471 T67 2013 | BFP000011520 | 14/03/2016 | 2 | Libro | |||
| Biblioteca del Cogreso de los Estados Unidos | Biblioteca de la Facultad de Psicología | Biblioteca de la Facultad de Psicología | General | 17/10/2017 | Programa de Fortalecimiento de la Calidad en Instituciones Educativas 2014 | 1a. | BFP000012232 | Ciencias de la Salud | Ciencias de la Salud | HQ471 T67 2013 | BFP000012232 | 17/10/2017 | 3 | Libro | |||
| Biblioteca del Cogreso de los Estados Unidos | Biblioteca de la Facultad de Psicología | Biblioteca de la Facultad de Psicología | General | 12/02/2018 | Dirección General de Bibliotecas Generado | 4a. | BFP000012389 | Ciencias de la Salud | Ciencias Agropecuarias | HQ471 T67 2017 | BFP000012389 | 12/02/2018 | 4 | Libro | |||
| Biblioteca del Cogreso de los Estados Unidos | Biblioteca de la Facultad de Psicología | Biblioteca de la Facultad de Psicología | General | 12/02/2018 | Dirección General de Bibliotecas Generado | 4a. | BFP000012390 | Ciencias de la Salud | Ciencias Agropecuarias | HQ471 T67 2017 | BFP000012390 | 12/02/2018 | 5 | Libro |